000 00382nam a2200121 i 4500
001 bg
245 0 _aOgólnopolska konferencja naukowo-dydaktyczna geometrii rzutowej i wykreślnej, Kielce, 25-27 czerwca 1979 r. :
_bstreszczenie referatów i komunikatów.
260 _aKielce,
_c1979.
040 _cBPK
041 _apol
942 _cKS
008 s pl f |000 0 pol
999 _c21574
_d21574
856 _uhttp://koha.tu.koszalin.pl/cgi-bin/koha/opac-detail.pl?biblionumber=21574
_yKatalog online BPK